000
00324nam a22001457a 4500
008
221108b ||||| |||| 00| 0 eng d
020
_a
9781597565240
041
_a
eng
080
_2
SECOND EDITION
_a
617
082
_a
617
100
_a
15.1
101
_a
OFT
245
_a
AUDIOLOGY WORKBOOL
_c
KRAMER S
942
_2
udc
_c
BK
999
_c
58802
_d
58802